JEDZENIE, KTÓRE MOŻNA KUPIĆ W PUSZCE: - Statystyki

Ogólne statystyki
  • Ten quiz został rozwiązany 591 razy
  • Średni wynik to 3 z 8
Statystyki odpowiedzi
Odpowiedź % Poprawnych
ANANAS
69%
GROSZEK
69%
POMIDORY
46%
PASZTET
32%
KUKURYDZĘ
16%
RYBĘ
11%
FASOLKĘ
8%
PAPRYKARZ SZCZECIŃSKI
5%
Nie znaleziono quizów pasujących do podanych kryteriów
Rozkład punktacji
Procent ludzi z każdym wynikiem
Percentyl według liczby udzielonych odpowiedzi
Twoja historia wyników
Nie rozwiązałeś tego quizu